Concrete Technology (Record no. 12268)

MARC details
000 -LEADER
fixed length control field 00365nam a22001577a 4500
003 - CONTROL NUMBER IDENTIFIER
control field OSt
008 - FIXED-LENGTH DATA ELEMENTS--GENERAL INFORMATION
fixed length control field 240323b |||||||| |||| 00| 0 eng d
020 ## - INTERNATIONAL STANDARD BOOK NUMBER
International Standard Book Number 9788131526682
082 ## - DEWEY DECIMAL CLASSIFICATION NUMBER
Classification number 624.1834 THC
100 ## - MAIN ENTRY--PERSONAL NAME
Personal name THOMAS,Job
245 ## - TITLE STATEMENT
Title Concrete Technology
250 ## - EDITION STATEMENT
Edition statement 5th Rep
260 ## - PUBLICATION, DISTRIBUTION, ETC. (IMPRINT)
Place of publication, distribution, etc New Delhi
Name of publisher, distributor, etc Cengage Learning
Date of publication, distribution, etc 2020
300 ## - PHYSICAL DESCRIPTION
Extent 475
942 ## - ADDED ENTRY ELEMENTS (KOHA)
Source of classification or shelving scheme Dewey Decimal Classification
Koha item type Reference Books
Holdings
Withdrawn status Lost status Source of classification or shelving scheme Damaged status Not for loan Collection code Home library Current library Date acquired Source of acquisition Currency Cost, normal purchase price Bill Number Total Checkouts Full call number Acc. no. / Barcode Date last seen Actual Cost, discounted price Bill Date Koha item type Public note
    Dewey Decimal Classification     B.Tech(CE) PIET C-LIBRARY PIET C-LIBRARY 02/03/2024 GABD Books In rupees 599.00 264   624.1834 THC 35594 23/03/2024 419.30 02/03/2024 Reference Books Decentralisation

Design & Developed by: PIET Central Library
R70 Miles Stone Pattikalyana Samalkha Panipat 132102
mail ID :- [email protected], Phone No:- 0180-2569700 Ex.216